LEADER 01530nam a2200301 4500 001 000000345808 003 CaOOAMICUS 005 20210902094246.0 008 210505s2021 it 000 u ita r 020 $a978-88-343-4545-0 040 $aSeMil$bita 245 00$aCi vorrebbe un pensiero :$bin risposta a una lettera di mons. Mario Delpini a 100 anni dalla nascita dell'Università Cattolica /$ca cura di Ernesto Preziosi ; postfazione di Franco Anelli. 264 1$aMilano :$bVP, Vita e pensiero,$c2021. 300 $a130 p. ;$c21 cm 541 0 $aOmaggio mons. Mario Delpini (2F II 660) 650 4$aMilano - Università Cattolica del Sacro Cuore.$0(OLS)http://semarc/subject/9811 650 4$aFormazione.$0(OLS)http://semarc/subject/16027 700 1 $aAnelli, Franco,$d<1963- >.$0(OLS)http://semarc/name/82605 700 1 $aPreziosi, Ernesto,$d<1955- >.$0(OLS)http://semarc/name/4597 700 1 $aDelpini, Mario,$c.$0(OLS)http://semarc/name/90660 850 $aSeMil 852 $aSeMil$W1$xVenegono$y1$m2F III 525$j226390$B236863$CSeMilBibl$Z2$F236863 $81 941 1 $a7 961 $aOmaggio mons. Mario Delpini 996 $6020$a978-88-343-4545-0$9(OLS)http://semarc/number/293092 996 $6245$aCi vorrebbe un pensiero :$bin risposta a una lettera di mons. Mario Delpini a 100 anni dalla nascita dell'Università Cattolica$9(OLS)http://semarc/title/434968 996 $6264$aMilano :$bVP, Vita e pensiero$9(OLS)http://semarc/publisher/39599 LEADER 01132nam a2200265 i 4500 001 000000125388 003 CaOOAMICUS 005 20051207000000.0 008 051207s1999 it u000 u ita u 013 $a98089 020 $a88-350-9698-7 040 $aSeMil$bita 245 12$aL'università tra cultura e nuove professioni educative :$b[Relazioni del 37. Convegno di Scholé]. 260 $aBrescia :$bLa Scuola,$ccopyr. 1999. 300 $a272 p. ;$c21 cm. 500 $aIn cop. : Scholé. - Fondo Card. C.M. Martini. 650 4$aUniversità - Italia - Atti di congressi.$0(OLS)http://semarc/subject/24378 700 1 $aScholé.$0(OLS)http://semarc/name/37565 850 $aSeMil 852 $aSeMil$W1$xVenegono$y1$m2Q I 20$j79844$B79844$CSeMilBibl$Z2$F108483 $81 941 1 $a4 961 $aOmaggio: Martini Card. Carlo Maria 996 $6020$a88-350-9698-7$9(OLS)http://semarc/number/111308 996 $6245$aL'università tra cultura e nuove professioni educative :$b[Relazioni del 37. Convegno di Scholé]$9(OLS)http://semarc/title/184650 996 $6260$aBrescia :$bLa Scuola$9(OLS)http://semarc/publisher/29831